Statistiken für Die größten Objekte im Sonnensystem

Klicken Sie hier um das Quiz zu spielen!

Allgemein

  • Dieses Quiz wurde 194 mal gespielt
  • Das Durchschnittsergebnis liegt bei 17 aus 35

Antworten auf der Karte

Die Antworten werden auf der Karte rot bzw. grün angezeigt, abhängig davon wie oft sie richtig erraten wurden.
 

Antwortstatistiken

ObjektRadius (km)Antwort% Korrekt
Planet6,371Erde
100%
Planet58,232Saturn
100%
Planet69,911Jupiter
99%
Planet3389.5Mars
99%
Zwergplanet1,188.3Pluto
98%
Planet25,362Uranus
97%
Planet2439.7Merkur
96%
Planet24,622Neptun
96%
Planet6,051.8Venus
96%
Stern696,342Sonne
95%
Satellit/Trabant1,737.4Mond
91%
Satellit/Trabant1,560.8Europa
75%
Satellit/Trabant1,821.6Io
64%
Satellit/Trabant2574.43Titan
63%
Satellit/Trabant2,634.1Ganymed
52%
Zwergplanet469.7Ceres
46%
Satellit/Trabant2,410.3Kallisto
40%
Zwergplanet1,163Eris
35%
Satellit/Trabant1,353.4Triton
32%
Zwergplanet715Makemake
31%
Satellit/Trabant761.4Oberon
30%
Satellit/Trabant788.4Titania
29%
Satellit/Trabant606Charon
24%
Satellit/Trabant763.8Rhea
21%
Zwergplanet780 (ellipsoid)Haumea
20%
Satellit/Trabant578.9Ariel
19%
Satellit/Trabant584.7Umbriel
19%
Satellit/Trabant561.4Dione
10%
Satellit/Trabant734.5Iapetus
10%
Kuipergürtel-Objekt~498Sedna
10%
Kuipergürtel-Objekt~615Gonggong
6%
Satellit/Trabant531.1Tethys
6%
Kuipergürtel-Objekt560.5Quaoar
3%
Kuipergürtel-Objekt~458Orcus
2%
Kuipergürtel-Objekt~423Salacia
2%

Verteilung der Resultate

Perzentil nach korrekt beantworteten Fragen

Anzahl Personen mit jedem Resultat

Ihre Resultats-Entwicklung

Sie haben dieses Quiz noch nicht gespielt